MESTSKÁ KNIŽNICA GIRALTOVCE  - online katalóg 

Okres Michalovce ; Ladislav Ďaďovský, Jaroslav Vizdal, Mikuláš Jáger, Jaroslav Vizdal, Róbert Brož, Milan Bohucký, Štefan Danko, Anton Hasák, Andrej Haščák, Alexander Jiroušek (Record no. 19684)

000 -NÁVESTIE
fixed length control field 01216nam a2200325 a 4500
008 - ÚDAJE S PEVNOU DĹŽKOU – VŠEOBECNÉ INFORMÁCIE
fixed length control field 951123s1982||||[C 0 slo c
040 ## - ZDROJ KATALOGIZÁCIE
Pôvodná katalogizujúca agentúra SNK
Jazyk katalogizácie slo
Prepisujúca agentúra SNK
Konvencie popisu AACR2
041 1# - KÓD JAZYKA
Kód jazyka textu/zvukovej stopy alebo samostatných nápisov slo
Kód jazyka originálu a/alebo sprostredkujúcich prekladov textu slo
080 ## - ČÍSLO MEDZINÁRODNÉHO DESATINNÉHO TRIEDENIA (MDT)
Číslo Medzinárodného desatinného triedenia (MDT) 908.437.674:779
080 ## - ČÍSLO MEDZINÁRODNÉHO DESATINNÉHO TRIEDENIA (MDT)
Číslo Medzinárodného desatinného triedenia (MDT) 779
080 ## - ČÍSLO MEDZINÁRODNÉHO DESATINNÉHO TRIEDENIA (MDT)
Číslo Medzinárodného desatinného triedenia (MDT) 779(437.674)
044 ## - KÓD KRAJINY VYDAVATEĽA/PRODUCENTA
Kód krajiny MARC xo
Kód krajiny ISO SK
020 ## - MEDZINÁRODNÉ ŠTANDARDNÉ ČÍSLO KNIHY (ISBN)
Údaje o dostupnosti 10
245 10 - NÁZOV
Názov Okres Michalovce ; Ladislav Ďaďovský, Jaroslav Vizdal, Mikuláš Jáger, Jaroslav Vizdal, Róbert Brož, Milan Bohucký, Štefan Danko, Anton Hasák, Andrej Haščák, Alexander Jiroušek
250 ## - ÚDAJ O PORADÍ VYDANIA
Údaj o poradí vydania 1., vyd.
260 ## - VYDAVATEĽSKÉ ÚDAJE, DISTRIBÚCIA ATĎ.
Miesto publikovania, distribúcie atď. Košice
Názov vydavateľa, distibútora atď. Východoslovenské vydavateľstvo
Miesto publikovania, distribúcie atď. S.l.
Názov vydavateľa, distibútora atď. ONV v Michalovciach [vyd.]
Dátum publikovania, distribúcie atď. 1982
Miesto výroby Košice
Výrobca Východoslovenské tlačiarne
300 ## - FYZICKÝ POPIS
Rozsah 230 s., 41,46 AH
Ďalšie fyzické detaily Čiernob. a fareb. fot.
Rozmery 28 cm
500 ## - VŠEOBECNÁ POZNÁMKA
Formátovaná poznámka o obsahu Res. rus. a nem. Ilustr. na predsádkach. Fot. na front. Nepredajné.
700 1# - PRIDANÝ VSTUP – OSOBNÉ MENO
Osobné meno Ďaďovský, Ladislav
Kód roly aut
700 1# - PRIDANÝ VSTUP – OSOBNÉ MENO
Osobné meno Vizdal, Jaroslav
Kód roly aut
700 1# - PRIDANÝ VSTUP – OSOBNÉ MENO
Osobné meno Jáger, Mikuláš
Kód roly com
700 1# - PRIDANÝ VSTUP – OSOBNÉ MENO
Osobné meno Vizdal, Jaroslav
Kód roly com
700 1# - PRIDANÝ VSTUP – OSOBNÉ MENO
Osobné meno Brož, Róbert
Kód roly bkd
700 1# - PRIDANÝ VSTUP – OSOBNÉ MENO
Osobné meno Bohucký, Milan
Kód roly bkd
700 1# - PRIDANÝ VSTUP – OSOBNÉ MENO
Osobné meno Danko, Štefan
Kód roly bkd
700 1# - PRIDANÝ VSTUP – OSOBNÉ MENO
Osobné meno Hasák, Anton
Kód roly bkd
700 1# - PRIDANÝ VSTUP – OSOBNÉ MENO
Osobné meno Haščák, Andrej
Kód roly bkd
700 1# - PRIDANÝ VSTUP – OSOBNÉ MENO
Osobné meno Jiroušek, Alexander
Kód roly bkd
958 ## - Formálny deskriptor
Formálny deskriptor A
Holdings
Stav stiahnutia (Blokovanie) (Withrawn status) Stav straty Stav poškodenia (Damaged status) Nie pre výpožičky (Not for loan) Spôsob nadobudnutia (Collection code) Trvalé umiestnenie Aktuálne umiestnenie Dátum nadobudnutia Náklady, bežná kúpna cena Inventárne číslo (prírastkové číslo) Full call number Dátum posledného výskytu Cena s účinnosťou od Typ jednotky Koha
        Kúpa Mestská knižnica Giraltovce Mestská knižnica Giraltovce 2019-11-29 10.00 18200 I 1503 2019-11-29 2019-11-29 Odborná literatúra pre dospelých

Powered by Koha